000 00536nam a2200181Ia 4500
003 OSt
005 20260120120110.0
008 210210b1965 xxu||||| |||| 00| 0 eng d
040 _cAL
041 _aKannada
082 _a858/196
100 _aVENKOBARAV (P)
_9147100
_d ವೆಂಕೋಬರಾವ್ (ಪಿ)
245 _aNutana kranti shilpi:
_bನೂತನ ಕ್ರಾಂತಿ ಶಿಲ್ಪಿ
260 _aBengaluru
_bSarvoday Sahity Prakashan
_c1965
690 _aBiography
_9147101
906 _a020739
942 _2ddc
_cBK
999 _c144893
_d144893